01005nam a2200265 i 4500001001000000003000900010005001700019007000300036008004100039020001500080040003000095082002400125100004200149245008500191264007200276300002800348336002800376337003300404338002800437490007700465500007000542650002400612650002700636830007600663000011501DO-SdBNP20240412074226.0ta091019s2006 dr r 000 j spa d a9993430862 aDO-SdBNPbspacBNPHUerda 4aRD863.44bA445c2221 aAlmánzar R., Armando,d1935-eautor10aConcerto grosso /cArmando Almánzar R. ; presentación Luis Martín Gómez. aSanto Domingo :bBanco Central de la República Dominicana,c2006. a173 páginas ;c23 cm. 2rdacontent atextobtxt 2rdamediaasin mediaciónbn 2rdacarrieravolumenbnc1 aBanco Central de la República Dominicana Derpatamento Culturalv 83/33 aIncluye datos biográficos del autor en la solapa de la cubierta 0aCuentos dominicanos 0aLiteratura dominicana. 0aBanco Central de la República Dominicana Derpatamento Culturalv83/33